Gagnants des championnats masculins de tennis - Statistiques

Statistiques générales
  • Ce quiz a été pris 250 fois
  • Le résultat moyen est 27 sur 54
Statistiques - réponses
# Réponse % Correct
12 Novak Djokovic
99%
14 Rafael Nadal
99%
18 Roger Federer
99%
3 Andy Murray
92%
3 Stanislas Wawrinka
88%
11 Bjorn Borg
86%
14 Pete Sampras
83%
8 Andre Agassi
82%
7 John McEnroe
81%
1 Yannick Noah
80%
1 Juan Martin del Potro
73%
1 Marin Cilic
72%
8 Ivan Lendl
70%
3 Gustavo Kuerten
67%
8 Jimmy Connors
66%
1 Andy Roddick
64%
6 Boris Becker
64%
6 Stefan Edberg
64%
2 Lleyton Hewitt
63%
2 Marat Safin
63%
7 Mats Wilander
62%
1 Michael Chang
62%
5 Rod Laver
61%
1 Juan Carlos Ferrero
59%
1 Carlos Moya
55%
4 Jim Courier
55%
3 Arthur Ashe
47%
2 Patrick Rafter
45%
2 Yevgeny Kafelnikov
45%
2 Ilie Nastase
44%
2 Sergi Bruguera
44%
1 Gaston Gaudio
42%
1 Goran Ivanisevic
40%
4 Guillermo Vilas
39%
1 Thomas Muster
39%
1 Albert Costa
38%
5 John Newcombe
38%
1 Pat Cash
34%
1 Thomas Johansson
32%
1 Andres Gomez
30%
1 Petr Korda
30%
4 Ken Rosewall
29%
1 Michael Stich
28%
2 Stan Smith
27%
1 Richard Krajicek
25%
1 Adriano Panatta
19%
3 Jan Kodes
19%
1 Vitas Gerulaitis
18%
2 Johan Kriek
17%
1 Roscoe Tanner
16%
1 Manuel Orantes
15%
1 Andres Gimeno
11%
1 Mark Edmondson
11%
1 Brian Teacher
10%
Aucun quiz correspondant
Distribution des résultats
% des personnes avec chaque résultat
Percentile par nombre de réponses
Votre historique - résultats
Vous n’avez pas pris ce quiz